Adalékok a vogul személyrag szerepköréhez

Elmentve itt :
Bibliográfiai részletek
Szerző: Sawicki László
Dokumentumtípus: Könyv
Megjelent: Szegedi Városi Nyomda Szeged 1936
Sorozat:Nyelvészeti tanulmányok : a szegedi Magy. Kir. Ferencz József-Tudományegyetem Magyar és Finnugor Nyelvészeti Intézetéből 7
Kulcsszavak:Finnugor nyelvtudomány - vogul nyelv - személyrag, Vogul nyelv - alaktan - tanulmányok
Tárgyszavak:
Online Access:http://acta.bibl.u-szeged.hu/45410
LEADER 00867nam a2200193 i 4500
001 acta45410
005 20230508151718.0
008 170126s1936 hu o 0|| hun d
040 |a SZTE Egyetemi Kiadványok Repozitórium  |b hun 
041 |a hun 
100 1 |a Sawicki László 
245 1 0 |a Adalékok a vogul személyrag szerepköréhez  |h [elektronikus dokumentum] /  |c  Sawicki László 
260 |a Szegedi Városi Nyomda  |b Szeged  |c 1936 
300 |a 39 p.  |c 23 cm 
490 0 |a Nyelvészeti tanulmányok : a szegedi Magy. Kir. Ferencz József-Tudományegyetem Magyar és Finnugor Nyelvészeti Intézetéből  |v 7 
650 4 |a Bölcsészettudományok 
650 4 |a Nyelvek és irodalom 
695 |a Finnugor nyelvtudomány - vogul nyelv - személyrag, Vogul nyelv - alaktan - tanulmányok 
856 4 0 |u http://acta.bibl.u-szeged.hu/45410/1/nyelveszeti_int_007.pdf  |z Dokumentum-elérés